000 00709nam a22002417a 4500
005 20220714152246.0
008 220714b ||||| |||| 00| 0 eng d
020 _a8186701028
040 _cAL
041 _aEnglish
082 _223
_a248
_bSCHC
100 _aFrancis A Schaeffer and others
_949491
245 _aCorruption vs True Spirituality
260 _aMussoorie
_bNivedit Good Books Distributors Pvt Ltd
_c1998
300 _a264 p.
_bPB
_c21.5x14 cm.
365 _b₹195.00
_c
_d₹195.00
650 _aSin
_949492
650 _aSpiritual life
_949493
650 _aSpirituality
_949494
700 _aSCHAEFFER (Francis A)
_949495
700 _aMANGALWADI (Vishal)
_949496
942 _2ddc
_cGF
999 _c223783
_d223783